000 00496nam a2200205 a 4500
999 _c4384
_d4384
001 4384
003 BD-JhCC
005 20171126200907.0
008 171126s1964 enk||||| ||a| 00| 0 eng d
035 _a(BD-JhCC)4384
040 _aBD-JhCC
_dBD-JhCC
041 _aeng
082 _a822.33
_bCHA 1964
245 _aModern One - Act Plays
_cJ. M. Charlton
260 _aLondon :
_bOdhams Books Ltd,
_c1964
300 _a1125 p. :
_c18 cm.
650 _aDrama
942 _2ddc
_cBK